| 000 | 00546nam a22001817a 4500 | ||
|---|---|---|---|
| 003 | CEME | ||
| 005 | 20210628204042.0 | ||
| 008 | 210126b xxu||||| |||| 00| 0 eng d | ||
| 020 | _a1-58053-308-6 | ||
| 040 | _c. | ||
| 082 | _a621.38132 SWA | ||
| 100 |
_aSwanson, Daniel G:Hoefer, Wolfgang J.R _968462 |
||
| 245 | _aMicrowave circuit modeling using electromagnetic field simulation | ||
| 260 |
_aBOSTON _bARTECH HOUSE _c2003 |
||
| 300 | _aXVIII,469P | ||
| 650 |
_aMICROWAVE CIRCUIT.ELECTROMAGNETIC FIELD SIMULATION _968463 |
||
| 942 |
_cBK _2ddc |
||
| 999 |
_c576035 _d576035 |
||